Представление документа в формате MARC21

Поле Инд. ПП Название Значение
Тип записи a
Библиографический уровень m
001 Контрольный номер a3240817-39ab-11db-b02a-008048b56a28
005 Дата корректировки 20140703145715.4
008 Кодируемые данные 060901
020 c Цена, тираж б/ц
040 a Служба первич. каталог. НБ ТвГУ
041 a Код языка текста rus
080 a Индекс УДК 811.112.2'367.625(043.3)
a Индекс УДК 811.112.2'367.7(043.3)
084 a Индекс другой классификации/Индекс ББК Ш143.24-212.5-02я031
090 a Полочн. индекс Ш143.24
x Авторский знак Ш95
100 1_ a Автор Шубникова Галина Анатольевна
245 10 a Заглавие Валентность глагола-сказуемого личных пассивных конструкций в современном немецком языке
b Продолж. заглавия автореф. дис. ... канд. филол. наук : 10.02.04
c Ответственность Калинин. гос. ун-т
260 0_ a Место издания Калинин
b Издательство КГУ
c Дата издания 1974
300 a Объем 17, [1] с.
500 a Примечание На правах рукоп.
504 a Библиография Библиогр. в конце кн. и в подстроч. примеч.
583 a Действие Получение впервые 317 01.09.2006
650 a Основная рубрика Немецкий язык
x Основная подрубрика Грамматика
x Основная подрубрика Синтаксис
650 a Основная рубрика Глагол в немецком языке
x Основная подрубрика Валентность (лингв.)
653 a Ключевые слова Авторефераты
a Ключевые слова Валентность глагола
a Ключевые слова Глагол-сказуемое
a Ключевые слова Грамматика немецкого языка
a Ключевые слова Немецкий язык
a Ключевые слова Синтаксис немецкого языка
a Ключевые слова Части речи
a Ключевые слова Члены предложения
852 t Порядковый номер экземпляра 1
p Инвентарный номер б/н
888 a Бесплатные
930 a Новая/Ретро авторефераты
952 p 317.2006 б/ц 1 б/н
c Вид литературы А/Р н
954 a Дата поступления на обработку 20060912
999 a Подразделение 2 ч.з.